[Event "45th FIDE Chess Olympiad Open"]
[Site "Budapest, Hungary"]
[Date "2024.09.11"]
[Round "1.190"]
[White "Anquandah, Francis Eric"]
[Black "Wageih, Kareim"]
[Result "1/2-1/2"]
[WhiteElo "1941"]
[BlackElo "2402"]
[PlyCount "141"]
[EventDate "2024.??.??"]
[WhiteTeam "Ghana"]
[BlackTeam "Egypt"]
[WhiteTeamCountry "GHA"]
[BlackTeamCountry "EGY"]
[WhiteClock "0:21:50"]
[BlackClock "0:06:31"]

1. e4 c6 2. d4 d5 3. Nd2 dxe4 4. Nxe4 Nd7 5. Nf3 Ngf6 6. Bd3 Nxe4 7. Bxe4 Nf6 8. Qe2 Nxe4 9. Qxe4 Qd5 10. Qxd5 cxd5 11. Bf4 Bf5 12. c3 e6 13. O-O f6 $146 ({RR} 13... Be7 14. Rfe1 O-O 15. Re3 b5 16. Rae1 b4 17. h3 bxc3 18. Rxc3 Bb4 19. Rb3 Bxe1 20. Nxe1 h6 21. Rb7 g5 22. Bh2 Rfc8 23. Bc7 a5 24. Nf3 Bd3 25. Rb3 Bc4 26. Rb8 Raxb8 27. Bxb8 Rxb8 28. b3 {Marquinez,A-Soto,P Azkotia 1991 0-1 (33)}) ({RR} 13... Be7 14. Rfe1 Rc8 15. Rac1 {½-½ (15) Beadle,J (1624)-Norman,D (1736) Guernsey 2013}) 14. Rfe1 g5 15. Bg3 h5 16. h3 h4 17. Bh2 Kf7 18. Nd2 Rc8 19. Nf1 Be7 20. Ne3 Bg6 21. f4 gxf4 22. Bxf4 Be4 23. Ng4 b5 24. a3 Ke8 25. Re3 Rg8 26. Re2 Rg6 27. Ne3 f5 28. Kh2 Kd7 29. Rg1 Rcg8 30. g4 Bf3 31. Rf2 fxg4 32. hxg4 Bxg4 33. Rfg2 Bf5 34. Rxg6 Rxg6 35. Rxg6 Bxg6 36. Ng4 Be8 37. Kh3 Kc6 38. Ne5+ Kb6 39. b4 Bh5 40. Nd7+ Kc6 41. Ne5+ Kb6 42. Nd7+ Kc6 43. Ne5+ Kb7 44. Nd7 Bg6 45. Ne5 Bf5+ 46. Kh2 a5 47. Nf7 a4 48. Bg5 Bxg5 49. Nxg5 Kc7 50. Nf3 h3 51. Kg3 Kd6 52. Ne5 Ke7 53. Nc6+ Kf6 54. Ne5 Kg5 55. Nf3+ Kg6 56. Ne5+ Kf6 57. Nd7+ Kg5 58. Ne5 Kh5 59. Nd7 Kh6 60. Ne5 Kg5 61. Nf3+ Kf6 62. Ne5 Bc2 63. Kxh3 Kf5 64. Kg3 Ke4 65. Kf2 Bd3 66. Nd7 Bc4 67. Nc5+ Kf5 68. Ke3 Bf1 69. Nd7 Bc4 70. Nc5 Bf1 71. Nd7 1/2-1/2

[Event "45th FIDE Chess Olympiad Open"]
[Site "Budapest, Hungary"]
[Date "2024.09.11"]
[Round "1.191"]
[White "Wafa, Hamed"]
[Black "Anhwere, Bernard"]
[Result "1-0"]
[WhiteElo "2368"]
[BlackElo "1893"]
[PlyCount "57"]
[EventDate "2024.??.??"]
[WhiteTeam "Egypt"]
[BlackTeam "Ghana"]
[WhiteTeamCountry "EGY"]
[BlackTeamCountry "GHA"]
[WhiteClock "0:52:16"]
[BlackClock "0:00:42"]

1. e4 c5 2. Nc3 d6 3. Nf3 Nc6 4. d4 cxd4 5. Nxd4 Nf6 6. Bg5 e6 7. Qd2 a6 8. Nxc6 bxc6 9. O-O-O Qb6 ({RR} 9... d5 10. e5 h6 11. Bh4 g5 12. Bg3 Nd7 13. h4 g4 14. Qe2 Rg8 15. Qd3 Rb8 16. Qh7 Rg7 17. Qh8 Qa5 18. Rd3 d4 19. Rxd4 Rxb2 20. Kd2 Nb6 21. Bd3 Nd5 22. Rc4 Bb7 23. Re1 Rb4 24. Ree4 {Morozevich,A (2730)-Avrukh,B (2633) Turin 2006 0-1 (51)}) ({RR} 9... Be7 10. Bxf6 gxf6 11. Bc4 Qa5 12. f4 d5 13. Bb3 Bb7 14. exd5 O-O-O 15. Qe1 Bb4 16. dxe6 Rxd1+ 17. Qxd1 fxe6 18. Bxe6+ Kb8 19. Ne4 f5 20. Nf2 Re8 21. Bb3 Qb6 22. Nd3 Bd6 23. Qh5 Qe3+ 24. Kb1 {Mishra,A (2627)-Yoo,C (2595) chess.com INT 2024 ½-½ (63)}) ({RR} 9... Be7 10. h4 d5 11. g4 Nxg4 12. Bxe7 Qxe7 13. Rg1 h5 14. f3 Ne5 15. Qf2 Ng6 16. Rg5 Qa7 17. Qg3 Qe3+ 18. Kb1 O-O 19. Bd3 Qf4 20. Qg1 Rb8 21. Ne2 Qf6 22. b3 a5 23. Qg3 dxe4 24. Bxe4 {Wafa,H (2396)-Mukund Hemant Agarwal (2196) Gandhinagar IND 2024 1-0 (45)}) 10. Bc4 Rb8 $146 ({RR} 10... Be7 11. Bxf6 gxf6 12. Kb1 a5 13. Bb3 Ba6 14. f4 Bb5 15. Nxb5 cxb5 16. a3 Qc5 17. f5 Qe5 18. Qh6 a4 19. Ba2 b4 20. axb4 a3 21. Qc1 Qxe4 22. fxe6 fxe6 23. bxa3 d5 24. Rhe1 Qf5 25. Qe3 {Kavcic,Z (2329)-Dobrovoljc,V (2309) Slovenia 2018 1-0 (43)}) 11. Bb3 Be7 12. f4 d5 13. Rhe1 Qb7 14. f5 h6 15. Bh4 O-O 16. e5 Ne4 17. Rxe4 dxe4 18. f6 Bb4 19. fxg7 Kxg7 20. Qf4 Be7 21. Bf6+ Bxf6 22. Qxf6+ Kh7 23. Nxe4 c5 24. c4 Rg8 25. Nxc5 Rg6 26. Nxb7 Rxf6 27. Bc2+ Rg6 28. Nc5 Bb7 29. Rd7 1-0

[Event "45th FIDE Chess Olympiad Open"]
[Site "Budapest, Hungary"]
[Date "2024.09.11"]
[Round "1.192"]
[White "Fomevor, Cephas Clinton"]
[Black "Sadek, Sameh"]
[Result "0-1"]
[WhiteElo "1873"]
[BlackElo "2269"]
[PlyCount "104"]
[EventDate "2024.??.??"]
[WhiteTeam "Ghana"]
[BlackTeam "Egypt"]
[WhiteTeamCountry "GHA"]
[BlackTeamCountry "EGY"]
[WhiteClock "0:00:36"]
[BlackClock "0:53:28"]

1. d4 d5 2. c4 c6 3. Nc3 dxc4 4. e3 b5 5. a4 b4 6. Ne4 Qd5 7. Nd2 Ba6 8. Qc2 c3 9. bxc3 Bxf1 10. Kxf1 bxc3 11. Qxc3 Nf6 12. Ba3 Nbd7 ({RR} 12... e6 13. Bxf8 Rxf8 14. Ne2 Ne4 15. Nxe4 Qxe4 16. f3 Qd5 17. Kf2 Nd7 18. Rhc1 Rc8 19. Rab1 Rc7 20. e4 Qd6 21. e5 Qd5 22. Rb2 c5 23. dxc5 Qxc5+ 24. Qxc5 Rxc5 25. Rxc5 Nxc5 26. Ke3 Kd7 27. a5 {Peycheva,G (2248)-Jimenez Salas,M (1987) chess.com INT 2024 0-1 (76)}) 13. Ne2 Rc8 14. Nf4 Qf5 15. Nd3 $146 ({RR} 15. Qd3 Qa5 16. Nc4 Qc7 17. Rc1 e6 18. Bxf8 Kxf8 19. Qa3+ Kg8 20. Ke2 g5 21. Nd3 Kg7 22. h4 g4 23. Nd6 Rb8 24. Rc2 c5 25. dxc5 Qc6 26. f3 a5 27. h5 Rhd8 28. Nb5 h6 29. Nd4 Qa6 {Kruse,J (2171)-Scholl,P (1988) Germany 2019 1-0 (32)}) 15... Nd5 16. e4 Nxc3 17. exf5 g6 18. Bb2 Nd5 19. fxg6 hxg6 20. g3 Bg7 21. Kg2 Rb8 22. Rab1 O-O 23. Rhc1 Rfc8 24. Ne5 Nxe5 25. dxe5 Rb4 26. Rc4 Rcb8 27. Rxb4 Rxb4 28. Ba1 Rxa4 29. Rb8+ Bf8 30. Nb3 Rb4 31. Rxb4 Nxb4 32. Bd4 a6 33. e6 fxe6 34. Na5 Kf7 35. Bc5 Nd3 36. Bb6 c5 37. Kf1 e5 38. f3 e6 39. Ke2 Nb4 40. Nc4 Nc6 41. Bc7 Bg7 42. Kd3 Ke8 43. Ke4 Bf6 44. h4 Bd8 45. Bxe5 Nxe5 46. Nxe5 Bf6 47. Nxg6 a5 48. Kd3 e5 49. h5 Kf7 50. Kc4 a4 51. Nh4 Bxh4 52. gxh4 Kg7 0-1

[Event "45th FIDE Chess Olympiad Open"]
[Site "Budapest, Hungary"]
[Date "2024.09.11"]
[Round "1.193"]
[White "Hemam, Moulaye Brahim"]
[Black "Dardha, Daniel"]
[Result "0-1"]
[WhiteElo "1977"]
[BlackElo "2603"]
[PlyCount "106"]
[EventDate "2024.??.??"]
[WhiteTeam "Mauritania"]
[BlackTeam "Belgium"]
[WhiteTeamCountry "MAU"]
[BlackTeamCountry "BEL"]
[WhiteClock "0:11:39"]
[BlackClock "1:26:52"]

1. d4 Nf6 2. Nf3 b6 3. g3 Bb7 4. Bg2 g6 5. O-O Bg7 6. c4 O-O 7. Nc3 Ne4 8. Qc2 Nxc3 9. bxc3 Nc6 10. Nh4 $146 ({RR} 10. Rb1 Na5 11. Nd2 Bxg2 12. Kxg2 d6 13. e4 c5 14. d5 Qd7 15. f4 Rae8 16. Rf3 e6 17. dxe6 Qxe6 18. Qd3 f5 19. exf5 Rxf5 20. Rf2 d5 21. g4 Rf7 22. f5 dxc4 23. Qf3 Qe3 24. Qxe3 Rxe3 {Putka,V (2321)-Wojtaszek,R (2710) Jurmala 2013 0-1 (41)}) ({RR} 10. Ne5 Na5 11. Bxb7 Nxb7 12. h4 Na5 13. h5 d6 14. Nf3 Nxc4 15. e4 Qd7 16. Kg2 c5 17. Rh1 Rac8 18. hxg6 fxg6 19. Qd3 cxd4 20. cxd4 d5 21. Bh6 dxe4 22. Qxe4 Qf5 23. Qxf5 Rxf5 24. Rae1 Bxh6 {Nguyen Ngoc Truong Son (2633)-Bortnyk,O (2608) chess.com INT 2024 0-1}) ({RR} 10. a4 Na5 11. Qa2 d6 12. Ba3 c5 13. Rfd1 Qc7 14. Rac1 Rac8 15. e3 Bc6 16. Bb2 Qd7 17. Ra1 cxd4 18. cxd4 Nxc4 19. d5 Nxb2 20. dxc6 Rxc6 21. Nd4 Nxd1 22. Bxc6 Qc7 23. Rc1 Rc8 24. Qd2 Nxf2 {Veress,G (1875)-Mendonca,L (2621) Timisoara ROU 2024 0-1 (31)}) ({RR} 10. Rd1 d6 11. Bb2 Qc8 12. c5 Na5 13. Qa4 Bc6 14. Qb4 Qa6 15. cxd6 cxd6 16. Bf1 Bb5 17. Re1 Rac8 18. a4 Bc4 19. Nd2 Bh6 20. Nxc4 Nxc4 21. e4 Rc7 22. e5 d5 23. e6 f6 24. a5 b5 {Nyambileg,E (1798)-Shailesh,D (2325) Manavgat 2018 ½-½ (51)}) ({RR} 10. Ne5 Na5 11. Bxb7 Nxb7 12. Bf4 Na5 13. Qa4 d6 14. Nd3 Qe8 15. Qb5 c5 16. dxc5 dxc5 17. Ne5 Qxb5 18. cxb5 g5 19. Nd7 Rfd8 20. Nxb6 axb6 21. Bc7 Rdc8 {0-1 (21) Xiong,F (2144)-Krivoborodov,E (2542) Munich 2017}) 10... e6 11. Rb1 Na5 12. Bxb7 Nxb7 13. c5 d6 14. cxd6 cxd6 15. Ba3 Na5 16. e4 Qd7 17. Nf3 Rac8 18. Bb4 Nc4 19. Nd2 Rfd8 20. Nxc4 Rxc4 21. Qb3 Rdc8 22. Rfd1 Qc6 23. d5 exd5 24. Rxd5 Bxc3 25. Rxd6 Qxe4 26. Bxc3 Rxc3 27. Qd1 Rc2 28. Rd4 Qe5 29. a4 Kg7 30. Qd3 R8c3 31. Qe4 Qxe4 32. Rxe4 Rf3 33. Rf1 Ra2 34. Kg2 Rf5 35. g4 Ra5 36. h3 R5xa4 37. Re7 g5 38. Rb7 Rb4 39. Kg3 a5 40. Rd1 Rb3+ 41. f3 Rbb2 42. Rg1 a4 43. h4 h6 44. hxg5 hxg5 45. Rd7 a3 46. Rd5 f6 47. Rd3 b5 48. f4 gxf4+ 49. Kxf4 b4 50. g5 Rf2+ 51. Ke3 Rae2+ 52. Kd4 Rd2 53. gxf6+ Kxf6 0-1

[Event "45th FIDE Chess Olympiad Open"]
[Site "Budapest, Hungary"]
[Date "2024.09.11"]
[Round "1.194"]
[White "Maerevoet, Sim"]
[Black "Yahi, Mohamed Salem"]
[Result "1-0"]
[WhiteElo "2432"]
[BlackElo "1868"]
[PlyCount "61"]
[EventDate "2024.??.??"]
[WhiteTeam "Belgium"]
[BlackTeam "Mauritania"]
[WhiteTeamCountry "BEL"]
[BlackTeamCountry "MAU"]
[WhiteClock "0:54:52"]
[BlackClock "0:08:45"]

1. e4 e6 2. d4 d5 3. Nc3 dxe4 4. Nxe4 Nd7 5. g4 Ngf6 6. Nxf6+ Nxf6 7. g5 Ne4 8. Qd3 Nd6 9. Bf4 $146 ({RR} 9. Bg2 Be7 10. Nf3 O-O 11. Bd2 Bd7 12. Ne5 Rc8 13. f4 c6 14. h4 Nf5 15. O-O-O Qc7 16. h5 f6 17. Nxd7 Qxd7 18. Be4 Rfd8 19. Bxf5 exf5 20. Be3 fxg5 21. fxg5 Qe6 22. Kb1 Rf8 23. Bf4 Rce8 {Bass,L (1614)-Roy,A (1836) Prague 2012 0-1 (52)}) 9... Nf5 10. Nf3 c5 11. O-O-O Be7 12. Qb5+ Bd7 13. Qxb7 c4 14. Ne5 Nd6 15. Qxd7+ Qxd7 16. Nxd7 Kxd7 17. d5 e5 18. Bh3+ Kc7 19. Bxe5 Bxg5+ 20. f4 f6 21. Bxd6+ Kxd6 22. fxg5 fxg5 23. Rhe1 Rae8 24. Re6+ Rxe6 25. dxe6+ Ke5 26. Rd7 h5 27. e7 Re8 28. Bf1 Kf6 29. Rxa7 Rxe7 30. Rxe7 Kxe7 31. Bxc4 1-0

[Event "45th FIDE Chess Olympiad Open"]
[Site "Budapest, Hungary"]
[Date "2024.09.11"]
[Round "1.195"]
[White "Abdellahi Khaled Abdellahi"]
[Black "Hovhannisyan, Mher"]
[Result "1/2-1/2"]
[WhiteElo "1894"]
[BlackElo "2414"]
[PlyCount "59"]
[EventDate "2024.??.??"]
[WhiteTeam "Mauritania"]
[BlackTeam "Belgium"]
[WhiteTeamCountry "MAU"]
[BlackTeamCountry "BEL"]
[WhiteClock "0:08:37"]
[BlackClock "0:15:21"]

1. e4 e6 2. d4 d5 3. Nc3 Nf6 4. Bg5 dxe4 5. Nxe4 Be7 6. Bxf6 gxf6 7. Nf3 a6 8. Qd2 b5 9. O-O-O Bb7 10. Qe3 Nd7 11. Kb1 ({RR} 11. h4 f5 12. Ng3 Nf6 13. Bd3 Bd5 14. Rhe1 Ng4 15. Qe2 c6 16. Ne5 Nxe5 17. Qxe5 Bf6 18. Qe3 f4 19. Qxf4 Bxh4 20. Kb1 Be7 21. Qe5 Bf6 22. Qh5 Be7 23. Be4 a5 24. f4 Bxe4 25. Rxe4 Qd5 {Koval,J (2099)-Babjak,S (1883) Liptovsky Jan SVK 2024 1-0 (37)}) 11... Nb6 12. Bd3 Nd5 $146 ({RR} 12... h5 13. Nc5 Nd5 14. Qd2 Bxc5 15. dxc5 Qe7 16. c6 Bxc6 17. Nd4 Qc5 18. Rhe1 O-O-O 19. Nxc6 Qxc6 20. Be4 Qb6 21. Qe2 h4 22. Qf3 Qd6 23. Qb3 Qc5 24. Qf3 Qd6 25. Qb3 Qc5 26. Qf3 {½-½ (26) Saathoff,R (2067)-Votruba,P (2216) Bayern 2006}) ({RR} 12... Bd5 13. Nc3 c6 14. Qh6 b4 15. Nxd5 Nxd5 16. Qg7 Rf8 17. Qxh7 a5 18. Bc4 a4 19. Qd3 Qb6 20. Qe2 Nc3+ 21. bxc3 bxc3+ 22. Bb3 Kd7 23. Rd3 axb3 24. cxb3 Qa5 25. Rc1 Bb4 26. Rc2 Qd5 27. Rdxc3 {Pace,P-Pirola,A Castel Lagopesole 2000 0-1 (51)}) 13. Qd2 Nb4 14. Nxf6+ Bxf6 15. Qxb4 Qd6 16. Qxd6 cxd6 17. Be2 b4 18. Ne1 a5 19. Bf3 d5 20. Be2 a4 21. f4 a3 22. b3 h5 23. Nf3 h4 24. g4 hxg3 25. hxg3 Rg8 26. Rdg1 Ba6 27. Bxa6 Rxa6 28. g4 Rc6 29. g5 Bh8 30. Rh3 1/2-1/2

[Event "45th FIDE Chess Olympiad Open"]
[Site "Budapest, Hungary"]
[Date "2024.09.11"]
[Round "1.196"]
[White "Lenaerts, Lennert"]
[Black "Abdou Ahmed Alem"]
[Result "1-0"]
[WhiteElo "2300"]
[BlackElo "1897"]
[PlyCount "79"]
[EventDate "2024.??.??"]
[WhiteTeam "Belgium"]
[BlackTeam "Mauritania"]
[WhiteTeamCountry "BEL"]
[BlackTeamCountry "MAU"]
[WhiteClock "0:37:28"]
[BlackClock "0:03:45"]

1. e4 c6 2. d4 d5 3. e5 Bf5 4. Nd2 e6 5. Nb3 Ne7 6. Nf3 Bg4 ({RR} 6... Nd7 7. Be2 Nc8 8. O-O Be7 9. Bd3 Bxd3 10. Qxd3 O-O 11. Be3 a5 12. a4 Qb6 13. c3 Qxb3 {0-1 (13) Esipenko,A (2716)-Karjakin,S (2757) Moscow 2021}) ({RR} 6... Ng6 7. Be2 Nd7 8. O-O f6 9. exf6 Qxf6 10. c4 Bd6 11. Bg5 Qf7 12. Be3 h6 13. h3 O-O 14. Nfd2 Nf4 15. Bg4 h5 16. Bxf4 Bxg4 17. hxg4 Qxf4 18. g3 Qxg4 19. Qxg4 hxg4 20. Rfe1 Rae8 21. Na5 {Ljukin,S (2362)-Rabiega,R (2466) chess.com INT 2024 0-1}) 7. h3 Bxf3 8. Qxf3 Nd7 $146 ({RR} 8... Ng6 9. h4 Nxh4 10. Qh3 Be7 11. Bd3 Nd7 12. g3 Nf3+ 13. Ke2 Ng5 14. Bxg5 Bxg5 15. f4 Be7 16. f5 exf5 17. Qxf5 g6 18. Qf3 Bg5 19. Raf1 Qe7 20. Kd1 Nf8 21. Rh2 Ne6 22. Qh1 h6 23. Rhf2 {Praggnanandhaa,R (2569)-Akash Pc,I (2443) Abu Dhabi 2019 ½-½ (67)}) 9. Bd3 c5 10. Nxc5 Nxc5 11. dxc5 Nc6 12. Qg3 Qc7 13. Bf4 Bxc5 14. c3 h6 15. Qxg7 O-O-O 16. b4 Rdg8 17. Qf6 Be7 18. Qxf7 Nd8 19. Qh5 Qxc3+ 20. Ke2 Qb2+ 21. Bd2 Rg5 22. Rac1+ Kb8 23. Qf3 Rxe5+ 24. Kd1 Rf8 25. Qxf8 Bxf8 26. Bc3 Qxc1+ 27. Kxc1 d4 28. Bd2 Rd5 29. Re1 Kc8 30. Re4 Kd7 31. Bc4 Rf5 32. Rxd4+ Bd6 33. f4 Nc6 34. Re4 e5 35. g4 Rf8 36. b5 Nd4 37. fxe5 Ba3+ 38. Kd1 Nf3 39. Bxh6 Ke7 40. Bxf8+ 1-0

[Event "45th FIDE Chess Olympiad Open"]
[Site "Budapest, Hungary"]
[Date "2024.09.11"]
[Round "1.197"]
[White "Panjwani, Raja"]
[Black "Hamperl, Fred"]
[Result "1-0"]
[WhiteElo "2460"]
[BlackElo "1977"]
[PlyCount "169"]
[EventDate "2024.??.??"]
[WhiteTeam "Canada"]
[BlackTeam "Guernsey"]
[WhiteTeamCountry "CAN"]
[WhiteClock "0:32:40"]
[BlackClock "0:02:41"]

1. Nf3 Nf6 2. c4 c6 3. d4 d5 4. e3 e6 5. Bd3 Nbd7 6. O-O dxc4 7. Bxc4 b5 8. Bb3 Bd6 ({RR} 8... c5 9. Nc3 b4 10. Na4 Ba6 11. Re1 c4 12. Bc2 Bd6 13. e4 e5 14. dxe5 Nxe5 15. Nd4 O-O 16. Nf5 Bc7 17. Nc5 Bc8 18. Bf4 Bxf5 19. exf5 Qxd1 20. Raxd1 Nf3+ 21. gxf3 Bxf4 22. Rd4 Rfc8 23. Na6 {Aradhya,G (2392)-Mohammad Fahad,R (2418) Dhaka BAN 2024 ½-½ (53)}) 9. Nc3 Bb7 10. e4 e5 11. dxe5 $146 ({RR} 11. Bg5 h6 12. Bh4 a6 13. Bg3 Qe7 14. dxe5 Nxe5 15. Nxe5 Bxe5 16. Bxe5 Qxe5 17. f4 Qe7 18. e5 Nd5 19. Nxd5 cxd5 20. Qd4 O-O 21. Rac1 Rac8 22. Qa7 Qd7 23. Qb6 Rxc1 24. Rxc1 Rc8 25. Rc3 Rxc3 {Kavinda,A (2003)-Hriday,D (1770) Mumbai 2018 ½-½ (42)}) 11... Nxe5 12. Bf4 Qe7 13. Bxe5 Bxe5 14. Nxe5 Qxe5 15. f4 Qc5+ 16. Kh1 O-O 17. e5 Rad8 18. Qf3 Nd5 19. Ne4 Qe3 20. Nd6 Qxf3 21. Rxf3 Bc8 22. Rc1 Ne7 23. f5 a5 24. a3 a4 25. Ba2 c5 26. Rxc5 Nxf5 27. Bxf7+ Rxf7 28. Rxc8 Rxc8 29. Nxc8 Rc7 30. Rc3 Rxc3 31. bxc3 Kf7 32. Na7 Ke6 33. Nxb5 Kxe5 34. c4 Ne3 35. c5 Kd5 36. Nc3+ Kxc5 37. Nxa4+ Kc4 38. Nb6+ Kb5 39. Nd7 Ka4 40. Nc5+ Kxa3 41. Ne6 Kb4 42. Nxg7 Kc4 43. Kg1 Kd5 44. Kf2 Ng4+ 45. Kg3 Nf6 46. Kf4 Kd6 47. Kg5 Ke7 48. Nh5 Ng8 49. g4 Kf7 50. h3 h6+ 51. Kf5 Ne7+ 52. Ke4 Kg6 53. h4 Kf7 54. Nf4 Nc6 55. Ne2 Kf6 56. Nd4 Nd8 57. Kd5 Nf7 58. Nf3 Nd8 59. Nd2 Nf7 60. Ne4+ Kg6 61. h5+ Kg7 62. Ke6 Nd8+ 63. Kf5 Nf7 64. Ng3 Nd6+ 65. Ke6 Nc4 66. Nf5+ Kh7 67. Kf6 Nd2 68. Nd4 Ne4+ 69. Kf5 Nd6+ 70. Ke5 Nc4+ 71. Kf4 Nd6 72. Ne6 Nf7 73. Kf5 Nd6+ 74. Ke5 Ne8 75. Nd4 Nc7 76. Kd6 Na6 77. Ne6 Nb4 78. Ke7 Nd5+ 79. Kf7 Ne3 80. Nf8+ Kh8 81. Ng6+ Kh7 82. Ne5 Nd5 83. Nd7 Nf4 84. Nf8+ Kh8 85. Ng6+ 1-0

[Event "45th FIDE Chess Olympiad Open"]
[Site "Budapest, Hungary"]
[Date "2024.09.11"]
[Round "1.198"]
[White "Rowe, Peter"]
[Black "Thavandiran, Shiyam"]
[Result "0-1"]
[WhiteElo "1973"]
[BlackElo "2388"]
[PlyCount "65"]
[EventDate "2024.??.??"]
[WhiteTeam "Guernsey"]
[BlackTeam "Canada"]
[BlackTeamCountry "CAN"]
[WhiteClock "0:29:41"]
[BlackClock "0:35:20"]

1. d4 e6 2. Bf4 Nf6 3. e3 d5 4. Nf3 c5 5. c3 Nc6 6. Bb5 Bd7 7. a4 ({RR} 7. O-O Be7 8. Bxc6 Bxc6 9. Ne5 Bb5 10. Re1 O-O 11. Nd2 Rc8 12. a4 Be8 13. a5 Nd7 14. Qg4 Nxe5 15. dxe5 Kh8 16. Nf3 Bb5 17. Bg5 Bd3 18. Bxe7 Qxe7 19. Nd2 Rc7 20. e4 Rd8 21. exd5 Rxd5 {Vuilleumier,A (2354)-Warmerdam,M (2472) Karlsruhe 2019 0-1 (51)}) ({RR} 7. O-O a6 8. Bxc6 Bxc6 9. Nbd2 Be7 10. Ne5 Rc8 11. Nxc6 Rxc6 12. Nf3 c4 13. Ne5 Rc8 14. Qa4+ Nd7 15. f3 f6 16. Nxd7 Qxd7 17. Qxd7+ Kxd7 18. a4 a5 19. Rab1 Ra8 20. b3 Rhc8 21. e4 Bd6 {Lees,N-Siu,K (1825) Peterborough ENG 2024 0-1 (66)}) 7... Nh5 $146 ({RR} 7... Be7 8. Nbd2 O-O 9. h3 a6 10. Bd3 c4 11. Bc2 b5 12. Qb1 Na5 13. Ng5 g6 14. h4 Nh5 15. g4 Nxf4 16. exf4 f5 17. h5 Bxg5 18. hxg6 Bxf4 19. Rxh7 Qg5 20. Rxd7 Bxd2+ 21. Kf1 Qxg6 22. Rd6 {Krueger,D (916)-Tobianski,F (1280) Hamburg 2014 0-1 (45)}) ({RR} 7... a6 8. Bxc6 Bxc6 9. Ne5 Bd6 10. Nd2 O-O 11. dxc5 Bxc5 12. b4 Ba7 13. Bg5 h6 14. h4 hxg5 15. hxg5 Bb8 16. gxf6 Qxf6 17. Qh5 Qh6 18. Nxc6 bxc6 19. Qxh6 gxh6 20. O-O-O Be5 21. Nf3 Bxc3 22. Rxh6 {Romano,C-Coqueraut,J (2013) Foligno 2008 0-1 (37)}) ({RR} 7... c4 8. Nbd2 Be7 9. O-O Nh5 10. Bxc6 bxc6 11. Be5 f6 12. Bg3 Nxg3 13. hxg3 Rb8 14. Qc2 O-O 15. Rfb1 Qc7 16. b3 cxb3 17. Nxb3 e5 18. c4 Be6 19. cxd5 Bxd5 20. e4 Bf7 21. dxe5 fxe5 22. Nbd2 {Bigott,M (1683)-Krauth,A (2132) Leverkusen 2009 ½-½ (32)}) 8. Bg3 Nxg3 9. hxg3 Bd6 10. Nbd2 Qe7 11. Bxc6 Bxc6 12. dxc5 Bxc5 13. Ne5 Bd6 14. Nxc6 bxc6 15. Nf3 Rb8 16. Qc2 g6 17. a5 Qb7 18. Ra2 e5 19. O-O Qb3 20. Qxb3 Rxb3 21. Nd2 Rb8 22. Rc1 Kd7 23. Kf1 f5 24. Ke2 e4 25. c4 Be5 26. cxd5 cxd5 27. Rc2 Rhc8 28. Kd1 Rxc2 29. Kxc2 d4 30. Nc4 d3+ 31. Kd2 Bf6 32. f3 Rb4 33. Nb6+ 0-1

[Event "45th FIDE Chess Olympiad Open"]
[Site "Budapest, Hungary"]
[Date "2024.09.11"]
[Round "1.199"]
[White "Preotu, Razvan"]
[Black "Brookfield, Toby"]
[Result "1-0"]
[WhiteElo "2451"]
[BlackElo "1872"]
[PlyCount "101"]
[EventDate "2024.??.??"]
[WhiteTeam "Canada"]
[BlackTeam "Guernsey"]
[WhiteTeamCountry "CAN"]
[WhiteClock "0:27:55"]
[BlackClock "0:00:48"]

1. e4 c5 2. Nf3 d6 3. d4 cxd4 4. Nxd4 Nf6 5. Nc3 g6 6. Be3 Bg7 7. f3 O-O 8. Qd2 Nc6 9. O-O-O Nxd4 10. Bxd4 Be6 11. Kb1 Qc7 12. g4 Rfc8 13. h4 Qa5 14. a3 Rab8 15. h5 b5 16. h6 b4 17. Nb5 Bh8 18. Qxb4 Qxb4 19. axb4 a6 20. Na7 Rc7 21. b5 axb5 22. Nxb5 Rcb7 23. c4 Nd7 24. Bxh8 Kxh8 25. Be2 Ne5 26. b3 g5 $146 ({RR} 26... Bd7 27. Kb2 g5 28. Kc3 Bxb5 29. cxb5 Kg8 30. Ra1 Kf8 31. Ra6 Ke8 32. Rha1 Kd7 33. Kd2 Rxb5 34. Bxb5+ Rxb5 35. Kc3 Rc5+ 36. Kb2 Nxf3 37. Ra8 Ne5 38. R1a7+ Ke6 39. Re8 Kf6 40. Rexe7 Kg6 41. Ra6 {Kosteniuk,A (2402)-Khaliavsky,N Moscow 2001 1-0 (45)}) ({RR} 26... Bd7 27. Kb2 Bxb5 28. cxb5 Nd7 29. Rc1 Kg8 30. Rc2 Kf8 31. Rhc1 Nb6 32. g5 Ke8 33. f4 Kd8 34. f5 Nd7 35. fxg6 fxg6 36. Bc4 Ne5 37. Rf1 Kd7 38. Rcf2 Rd8 39. Kc3 Rbb8 40. Ra2 Rb7 41. Kd4 {Evchin,M (2256)-Shumilov,I (2175) Kiev 2004 1-0 (57)}) 27. Kc2 f6 28. Ra1 Kg8 29. Ra3 Kf7 30. Nd4 Bd7 31. Rha1 Kg6 32. Ra8 Rxa8 33. Rxa8 Nc6 34. Nf5 Bxf5 35. exf5+ Kxh6 36. Kc3 Kg7 37. Bd3 Ne5 38. Be4 Rc7 39. Bd5 h5 40. gxh5 Nd7 41. Re8 Nb6 42. Be6 d5 43. c5 Rxc5+ 44. Kb4 Rc7 45. Kb5 Rc3 46. Kxb6 Rxb3+ 47. Kc6 Rxf3 48. Kd7 d4 49. Kxe7 d3 50. Rg8+ Kh6 51. Kxf6 1-0

[Event "45th FIDE Chess Olympiad Open"]
[Site "Budapest, Hungary"]
[Date "2024.09.11"]
[Round "1.200"]
[White "Hill, Jonathan"]
[Black "Noritsyn, Nikolay"]
[Result "0-1"]
[WhiteElo "1756"]
[BlackElo "2451"]
[PlyCount "66"]
[EventDate "2024.??.??"]
[WhiteTeam "Guernsey"]
[BlackTeam "Canada"]
[BlackTeamCountry "CAN"]
[WhiteClock "0:01:22"]
[BlackClock "1:16:49"]

1. d4 Nf6 2. Nf3 g6 3. Bf4 d6 4. h3 c5 5. c3 ({RR} 5. dxc5 Qa5+ 6. Qd2 Qxc5 7. Nc3 Bf5 8. Nd4 Ne4 9. Nxe4 Bxe4 10. f3 Bc6 11. e4 e5 12. Be3 exd4 13. Bxd4 Bh6 14. Qf2 Qa5+ 15. Bc3 Qd8 16. Bxh8 f6 17. Qh4 Bg5 18. Qxh7 Qa5+ 19. c3 Nd7 {Caruana,F (2782)-Sutovsky,E (2657) London 2013 1-0}) ({RR} 5. e3 Qb6 6. Nc3 Qxb2 7. Nb5 Qb4+ 8. c3 Qa5 9. dxc5 a6 10. cxd6 axb5 11. dxe7 Bxe7 12. Qb3 O-O 13. Bxb5 Be6 14. Bc4 Bxc4 15. Qxc4 Nbd7 16. O-O Qd5 17. Qxd5 Nxd5 18. Bh6 Rfd8 19. c4 Nc7 {Eke,S (2180)-Tatarinov,D (2332) chess.com INT 2023 0-1 (67)}) 5... Qb6 6. Qb3 Nc6 $146 ({RR} 6... cxd4 7. cxd4 Qxb3 8. axb3 Be6 9. Nbd2 Nd5 10. Bg3 Nb4 11. Rc1 N8c6 12. e3 Bg7 13. Be2 O-O 14. O-O Rfc8 15. Bc4 Bd7 16. Rfd1 Na5 17. Ng5 d5 18. Be2 Bf8 19. Ngf3 f6 20. Ne1 e6 21. Kf1 {Cabot Muntane,J (1869)-Boix Moreno,D (2277) Barcelona 2019 0-1 (47)}) ({RR} 6... cxd4 7. cxd4 Qxb3 8. axb3 Nc6 9. Nc3 Nb4 10. Ra4 Nbd5 11. Nxd5 Nxd5 12. Bd2 Bd7 13. Ra5 e6 14. e3 Bc6 15. Bd3 f5 16. Ke2 a6 17. Rc1 Kd7 18. b4 Nc7 19. g3 Bg7 20. h4 Bb5 21. Ng5 {Zpevak,P (2401)-Navara,D (2718) Ostrava 2010 0-1 (45)}) ({RR} 6... Bg7 7. Qxb6 axb6 8. e3 Nbd7 9. Be2 O-O 10. Nbd2 Nd5 11. Bh2 Nc7 12. Nb3 e5 13. O-O Re8 14. Rfe1 Nf8 15. Nfd2 Be6 16. a3 Nd7 17. Rac1 f6 18. Na1 Bf8 19. Nc2 Be7 20. Bf3 Rab8 21. Bg3 {Gonzalez,A-Muriel Rojas,F (2225) Spain 1997 1-0 (40)}) 7. e3 cxd4 8. Qxb6 axb6 9. exd4 Nd5 10. Bh2 Bh6 11. Be2 Bc1 12. a3 Bxb2 13. Ra2 Bxc3+ 14. Nxc3 Nxc3 15. Ra1 Bf5 16. Bf4 Be4 17. Be3 b5 18. Kd2 Nxe2 19. Kxe2 Kd7 20. Nh4 Ra4 21. Rhd1 Rha8 22. f3 Bd5 23. Kf2 b4 24. Bc1 bxa3 25. Rd3 a2 26. Bb2 Na5 27. Ra3 Rxa3 28. Bxa3 Nc4 29. Bc1 Na3 30. Bxa3 Rxa3 31. f4 b5 32. Nf3 Bxf3 33. gxf3 b4 0-1